Strongest countries according to army powers 2025 - Statistics

General Stats
  • This quiz has been taken 141 times
  • The average score is 13 of 15
Answer Stats
Rank Answer % Correct
3 China
100%
2 Russia
100%
1 United States of America
99%
6 United Kingdom
97%
7 France
94%
4 India
94%
14 Germany
88%
8 Japan
87%
5 South Korea
85%
10 Italy
83%
11 Brazil
82%
12 Pakistan
80%
9 Turkey
70%
15 Israel
66%
13 Indonesia
62%
No matching quizzes found
Score Distribution
Percent of People with Each Score
Percentile by Number Answered
Your Score History
You have not taken this quiz